| 000 | 00721cam a22002291a 4500 | ||
|---|---|---|---|
| 001 | 016020924 | ||
| 003 | EG-ScBUE | ||
| 005 | 20221207114626.0 | ||
| 008 | 120125s2011 cc o f 000 0 eng d | ||
| 020 | _a9789881889362 | ||
| 040 |
_aStDuBDS _beng _erda _cStDuBDS _dUkOxU _dUk _dEG-ScBUE |
||
| 082 | 0 | 4 |
_a725.21 _bMOR _222 |
| 245 | 0 | 0 |
_aMore ? mall ! / _c[edited by] Iris Huang. |
| 246 | 3 | _aMore mall ! | |
| 264 | 1 |
_aHong Kong : _bArtpower, _c[2011?] |
|
| 300 |
_a319 pages : _bphotographs ; _c29 cm |
||
| 650 | 7 |
_aShopping malls _xDesign and construction _xPictorial works. _2BUEsh _937549 |
|
| 653 |
_bENGARC _cMarch2015 |
||
| 655 | _vReading book | ||
| 700 | 1 |
_aHuang, Iris, _eeditor. _937550 |
|
| 942 |
_2ddc _k725.21 MOR _cBB |
||
| 999 |
_c19141 _d19113 |
||